La foi à l'école du pèlerinage, des sanctuaires et des lieux saints (notice n° 1583279)
[ vue normale ]
| 000 -LEADER | |
|---|---|
| fixed length control field | 00938cam a2200193 4500500 |
| 005 - DATE AND TIME OF LATEST TRANSACTION | |
| control field | 20251228052320.0 |
| 041 ## - LANGUAGE CODE | |
| Language code of text/sound track or separate title | fre |
| 042 ## - AUTHENTICATION CODE | |
| Authentication code | dc |
| 100 10 - MAIN ENTRY--PERSONAL NAME | |
| Personal name | Nieuviarts, Jacques |
| Relator term | author |
| 245 00 - TITLE STATEMENT | |
| Title | La foi à l'école du pèlerinage, des sanctuaires et des lieux saints |
| 260 ## - PUBLICATION, DISTRIBUTION, ETC. | |
| Date of publication, distribution, etc. | 2011.<br/> |
| 500 ## - GENERAL NOTE | |
| General note | 16 |
| 520 ## - SUMMARY, ETC. | |
| Summary, etc. | RésuméSous forme de témoignage pastoral, cette contribution, après un bref historique des pèlerinages chrétiens, s’intéresse aux sanctuaires comme lieux qui non seulement parlent à ceux qui s’y rendent, mais sont lieux de mémoire de la foi, et traces sur un chemin à poursuivre, constituant ainsi une véritable école de la foi. |
| 690 ## - LOCAL SUBJECT ADDED ENTRY--TOPICAL TERM (OCLC, RLIN) | |
| Topical term or geographic name as entry element | lieux saints |
| 690 ## - LOCAL SUBJECT ADDED ENTRY--TOPICAL TERM (OCLC, RLIN) | |
| Topical term or geographic name as entry element | pèlerinage |
| 690 ## - LOCAL SUBJECT ADDED ENTRY--TOPICAL TERM (OCLC, RLIN) | |
| Topical term or geographic name as entry element | sanctuaire |
| 786 0# - DATA SOURCE ENTRY | |
| Note | Transversalités | 119 | 3 | 2011-09-01 | p. 103-110 | 1286-9449 |
| 856 41 - ELECTRONIC LOCATION AND ACCESS | |
| Uniform Resource Identifier | <a href="https://shs.cairn.info/revue-transversalites-2011-3-page-103?lang=fr&redirect-ssocas=7080">https://shs.cairn.info/revue-transversalites-2011-3-page-103?lang=fr&redirect-ssocas=7080</a> |
Pas d'exemplaire disponible.




Réseaux sociaux